000 00632nam a2200229Ia 4500
003 OSt
005 20220928121849.0
006 a|||||r|||| 00| 0
007 ta
008 220927b |||||||| |||| 00| 0 eng d
024 _a58493
037 _cTextual
040 _aSDCL
_cSDCL
_beng
041 _2eng
_aeng
082 _aV681:24'N9, N3
100 _aTiruneh Andargachew
_9454559
245 0 _aEthiopian revolution,1974-1987
260 _aCambridge
_bCambridge University Press
_c1993
300 _axiii,435p
_ccm.
942 _hV681:24'N9, N3
_cTEXL
_2CC
999 _c768289
_d768289